[Event "Turnier 40 / 120"]
[Site "DESKTOP-NL3KVDB"]
[Date "2023.04.08"]
[Round "36"]
[White "Mephisto Phönix TM Vancouver - 36 MHZ"]
[Black "Mephisto Risc II - 14 MHZ"]
[Result "1/2-1/2"]
[BlackElo "2244"]
[WhiteElo "2250"]

{Analyse ----> Komodo 14.1.} 1. d4 c6 2. c4 d5 3. cxd5 cxd5 4. Nf3 Nf6 5.
Nc3 Nc6 6. Bf4 Bf5 7. e3 e6 8. Bb5 Nd7 9. Qa4 Rc8 10. O-O a6 11. Bxc6 Rxc6
12. Rfc1 Be7 13. Nd1 b5 14. Qb3 Rc4 15. Nd2 Qa5 16. Nc3 Rb4 17. Nxd5 Rxb3
18. Rc8+ Bd8 19. Bc7 O-O {Buchende} 20. Bxa5 {Buchende} Rxb2 {Buchbewertung
Mephisto Risc II: +0,22} 21. Rxd8 {Buchbewertung TM Vancouver: -0,27 / lt.
Komodo ist die Stellung etwa gleich} exd5 22. Rxf8+ Nxf8 23. Nb3 Ne6 24.
Nc5 Nxc5 25. dxc5 Rc2 26. Bb4 f6 27. a3 Kf7 28. Rd1 Ke6 29. h3 a5 30. Bxa5
Rxc5 31. f3 g5 32. g4 Bg6 33. Rd2 f5 34. gxf5+ Bxf5 35. Kg2 Rc8 36. Rb2 h5
37. Kg3 h4+ 38. Kg2 Bd3 39. Bb6 Rc3 40. Bd8 Kf5 41. Be7 Rc1 42. Kh2 Rc7 43.
Rd2 Rxe7 44. Rxd3 Ke5 45. Rc3 Ra7 46. Kg2 Ra4 47. Rb3 Kd6 48. Rxb5 Rxa3 49.
Kf2 Ra2+ 50. Kg1 Kc6 51. Rb8 Re2 52. Rb3 Kd6 53. Rc3 Ke6 54. Rb3 Kf5
{Userentscheid: Remis} 1/2-1/2
[/pgn]
[pgn]

[Event "Turnier 40 / 120"]
[Site "DESKTOP-NL3KVDB"]
[Date "2023.04.08"]
[Round "37"]
[White "Mephisto Risc II - 14 MHZ"]
[Black "Mephisto Phönix TM Vancouver - 36 MHZ"]
[Result "0-1"]
[BlackElo "2250"]
[WhiteElo "2244"]

{Analyse -----> Komodo 14.1.} 1. e4 c5 2. Nf3 d6 3. d4 cxd4 4. Nxd4 Nf6 5.
Nc3 e6 6. Be2 a6 7. O-O Be7 8. f4 O-O 9. Be3 Qc7 10. Qe1 Nc6 11. Qg3 Nxd4
12. Bxd4 b5 13. a3 Bb7 14. Rae1 g6 15. Bd3 Nh5 16. Qf2 Nxf4 {Buchende} 17.
Qxf4 {Buchende} e5 {Buchbewertung TM Vancouver: -0,30} 18. Qf2
{Buchbewertung Mephisto Risc II: +0,58 / lt. Komodo steht Schwarz etwas
besser mit ca. +0,50} exd4 19. Qxd4 Qc5 20. Qxc5 dxc5 21. Nd5 Bg5 22. c4
Rac8 {die Stellung ist im Lot, Komodo 0,00} 23. g3 Bc6 24. h4 Bd8 25. Rd1
Re8 26. Rf2 Re5 27. b3 Rb8 28. Rdf1 Rb7 29. Kg2 bxc4 30. bxc4 a5 31. Rb1
Rxb1 32. Bxb1 Kg7 33. Bc2 g5 34. hxg5 Bxg5 35. Rf1 Re6 36. Rh1 Rh6 37. Rb1
Rd6 38. Kf3 Re6 39. Bd3 Bf6 40. Bf1 Be5 41. Bh3 Rg6 42. Nf4 Rf6 43. Bc8
Bxf4 44. gxf4 Rd6 45. Rg1+ Kf8 46. Re1 Rd3+ 47. Re3 Rd4 48. Bf5 Kg7 49. Rc3
h5 50. Ke3 Bb7 51. e5 h4 52. Rc2 Bc6 53. Bd3? {ein schlechter Zug, danach
ist Schwarz bereits klar im Vorteil, Komodo -1,00, nötig war Th2 mit
Ausgleich} h3 54. Rh2 Bg2 55. f5??? {ein Verlustzug, danach ist die Partie
bereits klar verloren, Komodo -4,00, nötig war Lf5} Kh6 56. e6 fxe6 57.
fxe6 Kg7 58. e7 Kf7 59. Bf5 Rh4 60. Kd2 Kxe7 61. Ke2 Kf6 62. Bd3???
{nochmals ganz schwach, danach ist endgültig alles aus, Komodo -9,00,
deutlich mehr Widerstand leistet noch Lc8 mit ca. -5,00} Rf4 63. Ke3 Kg5
64. Be2 Rf6 65. Kd2 {Mephisto Risc II: -5,01 -----> aufgegeben !} 0-1
[/pgn]
[pgn]

[Event "Turnier 40 / 120"]
[Site "DESKTOP-NL3KVDB"]
[Date "2023.04.08"]
[Round "38"]
[White "Mephisto Phönix TM Vancouver - 36 MHZ"]
[Black "Mephisto Risc II - 14 MHZ"]
[Result "1/2-1/2"]
[BlackElo "2244"]
[WhiteElo "2250"]

{Analyse ----> Komodo 14.1.} 1. d4 c6 2. c4 d5 3. cxd5 cxd5 4. Nf3 Nf6 5.
Nc3 Nc6 6. Bf4 Bf5 7. e3 e6 8. Bb5 Nd7 9. Qa4 Rc8 10. Bxc6 Rxc6 11. Qxa7
Qc8 12. Qa5 Ra6 13. Qc7 Qxc7 14. Bxc7 {Buchende} Bb4 {Buchende} 15. Nh4
{Buchbewertung TM Vancouver: +0,06} Ke7? {Buchbewertung Mephisto Risc II:
-0,09 / leider gleich der 1. berechnete Zug ist ganz schlecht und verspielt
jeglichen Vorteil, Komodo 0,00 / nach 15. Le4 !! wäre Schwarz bereits klar
im Vorteil gewesen mit ca. +0,80 trotz des Minusbauern, der einzige Trost
TM Vancouver hätte den noch etwas schwächeren Zug 0-0 vorgeschlagen, danach
wäre sogar Weiss etwas besser gestanden mit ca. +0,40, aber dafür kann sich
Risc II leider auch nichts kaufen.} 16. Nxf5+ exf5 17. Bg3 Rha8 18. O-O
Bxc3 19. bxc3 b6 20. Rfc1 Rxa2 21. Rxa2 Rxa2 22. h4 Nf6 23. Rb1 Ne4 24.
Rxb6 Nxg3 25. Rb7+ Ke6 26. fxg3 Re2 27. Rb6+ Kd7 28. Rb7+ Ke6 29. Rb6+ Kd7
30. Rb7+ Ke6 {Stellungswiederholung} 1/2-1/2
[/pgn]
[pgn]

[Event "Turnier 40 / 120"]
[Site "DESKTOP-NL3KVDB"]
[Date "2023.04.10"]
[Round "39"]
[White "Mephisto Risc II - 14 MHZ"]
[Black "Mephisto Phönix TM Vancouver - 36 MHZ"]
[Result "0-1"]
[BlackElo "2250"]
[WhiteElo "2244"]

{Anaylyse -----> Komodo 14.1.} 1. d4 d5 2. c4 dxc4 3. Nf3 Nf6 4. e3 Bg4 5.
Bxc4 e6 6. h3 Bh5 7. Nc3 a6 8. g4 Bg6 9. Ne5 Nbd7 10. Nxg6 hxg6 11. Bf1
{Buchende} c6 {Buchende} 12. g5 {Buchbewertung Mephisto Risc II: +0,06} Nd5
{Buchbewertung TM Vancouver: +0,06 lt. Komodo steht Weiss knapp besser mit
ca. +0,30} 13. e4 Nxc3 14. bxc3 Be7 15. f4 O-O?? {ein ganz schlechter Zug,
danach steht Weiss bereits klar besser, die Königsstellung ist jetzt
natürlich extrem unsicher, logischerweise droht hier natürlich der
Vormarsch des H-Bauer, h4-h5, und die Königsstellung gerät ins wanken, klar
dafür braucht es Rechentiefe, lt. Komodo ist die Partie damit praktisch
schon verloren, Komodo -1,50} 16. h4! {na klar} Qa5 17. Bd2 Rfd8?? {ein
Verlustzug, danach ist die Partie bereits klar verloren, deutlich mehr
Widerstand leistet noch c5 mit ca. -1,50 Komodo -3,00} 18. h5! {na klar,
konsequent} Nf8 19. Qb3?? {ein ganz schlechter Zug, der den Vorteil von
Weiss halbiert, Komodo +1,50, die Dame geht auf den falschen Flügel sie
hätte den Angriff auf den König mittels Dg4 !! einleiten sollen} Qc7 20.
h6? {ein ganz schlechter Zug, der neuerlich den Vorteil von Weiss halbiert,
Komodo nur noch +0,70, nötig war hxg6} gxh6 21. gxh6? {mit dem 3. schwachen
Zug in Folge verspielt Risc II leider konsequent den gesamten Vorteil, nach
dem Textzug ist die Stellung bereits im Lot, die freiwillige Schliessung
der H-Linie entlastet natürlich nur Schwarz, nötig ist natürlich Txh6,
Komodo 0,00} c5 22. Rb1 b5 23. a4? {ein schlechter Zug, danach steht
Schwarz bereits klar besser, Komodo -1,30, nötig war Lg2} cxd4 24. cxd4
Nh7? {ein ganz schlechter Zug, der den gesamten Vorteil verspielt, warum
nicht einfach Txd4 ?} 25. d5 exd5 26. exd5 {ein ganz schlechter Zug, danach
ist Scharz wieder klar im Vorteil, Komodo -1,60, nötig war Tc1} bxa4 27.
Qxa4 Bf6?? {ein grottenschlechter Zug, der jeglichen Vorteil verspielt,
Komodo 0,00, nötig war Txd5} 28. Bg2 Bc3 29. Qc2 Bxd2+ 30. Qxd2 Nf6 31. Qd4
Rd6 32. Kf1 {besser ist Kf2, Komodo -0,70} Rc8 33. Kg1 Re8? {ein schwacher
Zug, danach ist Schwarz nur noch hauchdünn im Vorteil mit ca. +0,20, nötig
war Kh7} 34. Rh2 {Risc II verwirft im letzten Augenblick den klar besseren
Zug 34. f5 ! wegen einer Bewertungsdifferenz von +0,02, das ist Pech,
Komodo -0,70} Qa5? {das bringt gar nichts für Schwarz und verspielt
jeglichen Vorteil, die Stellung ist wieder im Lot, Komodo 0,00, deutlich
besser ist Te2} 35. Kf1? {ein schlechter Zug, danach ist Schwarz wieder im
Vorteil, Komodo -1,00, nötig war Lf3 mit Ausgleich} Qa2 36. Rc1 {besser ist
Ta1, Komodo -1,20} Qe2+ {klar schwächer als Kh7, Komodo +0,80} 37. Kg1 Qg4
38. Kh1?? {ein Verlustzug, danach ist die Partie bereits verloren, Komodo
-2,00, nötig war Tf1} Nh5! 39. Kg1 Kh7 40. Rf1 Re7 41. Qf2 Re2 {besser ist
Sg3, Komodo +1,40} 42. Qf3 Qxf3 43. Bxf3 Rxh2 44. Kxh2 Nxf4 45. Kg3? {ein
ganz schlechter Zug, der wohl das Schicksal von Weiss besiegelt, Komodo
-2,50, deutlich besser ist Le4 mit ca. -1,50 (TM Vancouver hätte den
richtigen Zug vorgeschlagen)} g5 {ein schwacher Zug, der den Vorteil von
Schwarz deutlich reduziert, Komodo +1,70, nötig war Sxd5} 46. Rc1? {ein
ganz schlechter Zug, Komodo -2,60, nötig war Le4+} f5! 47. Rc6 Rxh6 48. d6?
{ganz schwach, danach ist alles vorbei, Komodo -5,00, deutlich besser ist
noch Tc7+ mit ca. -2,80} Rh3+ 49. Kf2 g4 50. Bg2 Rd3 51. Bf1 g3+ 52. Kg1
Rd1 53. Rc4 Nd5 54. Rh4+ Kg6 55. Kg2 f4 56. Rh1 Ne3+ 57. Kf3 Nxf1 58. d7
Kf5 59. Rh5+ {Mephisto Risc II: -5,30 ----> aufgegeben !} 0-1
[/pgn]
[pgn]

[Event "Turnier 40 / 120"]
[Site "DESKTOP-NL3KVDB"]
[Date "2023.04.12"]
[Round "40"]
[White "Mephisto Phönix TM Vancouver - 36 MHZ"]
[Black "Mephisto Risc II - 14 MHZ"]
[Result "1-0"]
[BlackElo "2244"]
[WhiteElo "2250"]

{Analyse -----> Komodo 14.1.} 1. d4 Nf6 2. c4 e6 3. Nc3 Bb4 4. Qb3 c5 5.
dxc5 Na6 6. Bd2 O-O 7. Nf3 Qe7 {Buchende} 8. e3 {Buchende} Nxc5
{Buchbewertung Mephisto Risc II: +0,02} 9. Qc2 {Buchbewertung TM Vancouver:
+0,12 / lt. Komodo steht Schwarz knapp besser mit ca. +0,30} d6 10. a3 Bxc3
11. Bxc3 Nce4 12. Bxf6 Nxf6 13. Bd3 b6 14. Ng5 g6 15. O-O Bb7 16. Rad1 Ng4
17. Nf3 Bxf3 18. gxf3 Ne5 19. f4 Nxd3 20. Rxd3 Rac8 21. Rfd1 d5 22. Rc3
dxc4 23. Rxc4 Rxc4 24. Qxc4 Qh4 25. Rd7 Rd8 26. Qd3 Rxd7 27. Qxd7 Qf6 28.
Qxa7 Qxb2 29. Kg2 Kg7 30. a4 h5 31. Qd7 Qb4 32. Qc6 Qb3 33. h4 Qd1 34. Qxb6
Qxa4 35. Qb2+ f6 36. Qb7+ Kf8 37. Qc8+ Ke7 38. Qc5+ {Risc II spielt den 38.
Zug nicht aus und lässt die Zeit einfach runterlaufen und bezichtigt sich
selbst der Zeitüberschreitung und bricht die Berechnungen ab, verschenkt
den halben Punkt !!} 1-0
[/pgn]
[pgn]

[Event "Turnier 40 / 120"]
[Site "DESKTOP-NL3KVDB"]
[Date "2023.04.12"]
[Round "41"]
[White "Mephisto Risc II - 14 MHZ"]
[Black "Mephisto Phönix TM Vancouver - 36 MHZ"]
[Result "0-1"]
[BlackElo "2250"]
[WhiteElo "2244"]

{Analyse ------> Komodo 14.1.} 1. e4 e5 2. Nf3 Nc6 3. Bc4 Nf6 4. d3 Be7
{Buchende} 5. Bb3 d5 {Buchbewertung TM Vancouver: +0,12} 6. Nbd2 {Buchende}
Bg4 7. exd5 {Buchbewertung Mephisto Risc II: -0,07 / lt. Komodo ist die
Stellung etwa gleich} Nxd5 8. O-O O-O 9. Re1 f6 10. c3 Qd7 11. Ba4 Rfd8 12.
d4 {weniger gut, besser ist h3, Komodo -0,60} exd4 13. Bxc6 {besser ist
Db3, Komodo -1,00} bxc6 {besser ist Dxd7, warum die eigene Bauernstruktur
schädigen ?, Komodo +0,70} 14. cxd4 Bb4 15. a3 Bxd2 {weniger gut, besser
ist Ld6, die Stellung ist im Lot} 16. Bxd2 Qf5 17. Rc1 Rab8 18. b4 Bxf3 19.
Qxf3 Qxf3 20. gxf3 Rb6 21. Rc5 Ra6 22. Bc1 Kf7 23. Kg2 Ne7 24. Bb2 Nd5 25.
Kg3 Rd7 26. Rec1 Rd6 27. Kg4 g5 28. Re1?? {ein Verlustzug, danach ist die
Partie praktisch schon verloren, Komodo -1,70, nötig war h4 mit Ausgleich,
diesen Zug verwirft Risc II leider im letzten Moment noch.} Nf4 29. Rd1 h5+
30. Kf5 Rd7?? {ein ganz schlechter Zug, der nahezu den gesamten Vorteil
verspielt, Komodo +0,40, nötig war Se6 mit ca. +1,80, auch Sg2, was TM im
letzten Moment verwirft war weit besser mit ca. +1,30} 31. Rd2??? {ein
absoluter Verlustzug, der die Partie sofort verliert, Komodo -4,50 !!,
nötig war h4} Ne6 32. Rc4??? {absoluter Wahnsinn, Risc II bewertet das mit
-0,52 und übersieht ein Matt in 5 !!} Re7 {TM Vancouver zieht innerhalb von
10 Sekunden mit Mattankündigung in 5} 33. Ke4 {Mephisto Risc II: Selbstmatt
in 4 ----> aufgegeben !!} 0-1
[/pgn]
[pgn]

[Event "Turnier 40 / 120"]
[Site "DESKTOP-NL3KVDB"]
[Date "2023.04.13"]
[Round "42"]
[White "Mephisto Phönix TM Vancouver - 36 MHZ"]
[Black "Mephisto Risc II - 14 MHZ"]
[Result "0-1"]
[BlackElo "2244"]
[WhiteElo "2250"]

{Analyse ------> Komodo 14.1.} 1. e4 c6 2. Nc3 d5 3. d4 dxe4 4. Nxe4 Bf5 5.
Ng3 Bg6 6. h4 h6 {Buchende} 7. f4 e6 {Buchbewertung Mephisto Risc II:
+0,03} 8. Nf3 Nd7 9. h5 Bh7 10. Bd3 {Buchende} Ngf6 11. Bxh7 {Buchbewertung
TM Vancouver: -0,15 / lt. Komodo steht Weiss knapp besser mit ca. +0,30}
Rxh7? {das ist natürlich nicht optimal, zerstört die Möglichkeit der kurzen
Rochade, auch TM Vancouver hätte Txh7 ? gespielt schon merkwürdig, Komodo
-0,60, natürlich besser Sxh7} 12. O-O c5 13. Be3 Nd5 14. Qd3 Nxe3 15. Qxe3
cxd4 16. Qe4 {nicht optimal, besser ist Sxd4, Komodo +0,30} Rh8 17. f5
{wieder nicht ideal, die Stellung ist im Lot Komodo 0,00, besser ist Dxb7}
Nc5?? {ein Verlustzug, danach ist die Partie praktisch schon verloren,
Komodo -2,00 mit der Fortsetzung Dg4, nötig war Sf6 mit Ausgleich} 18.
Qxd4?? {ein grottenschlechter Zug, der einfach alles verspielt, hier die
Dame zu tauschen beim schwarzen König in der Brettmitte ist natürlich
katastrophal und befreit Schwarz von allen Sorgen, danach ist sogar Schwarz
schon leicht im Vorteil, Komodo -0,30, Risc II hätte den richtigen Zug Dg4
vorgeschlagen} Qxd4+ {alternativlos} 19. Nxd4 O-O-O 20. Nb5 a6 21. Nc3 Bd6
22. Nge4 Nxe4 23. Nxe4 Be5 24. c3 exf5 25. Rxf5 f6 26. Re1 b6 27. Rff1 Rd3
28. Rd1 Rhd8 29. Rxd3 Rxd3 30. Re1 Kc7 31. Kf1 Kc6 32. Ke2 Rd5 33. Rf1 {die
Stellung ist im Lot, Komodo 0,00} Ra5 34. a3 Rb5 35. b4 Bc7 36. g4 Re5 37.
Kd3 b5 38. Rf5 Bb6 {besser ist Te8 mit Ausgleich, Komodo -0,60} 39. Rf3
{auch nicht optimal, danach ist die Stellung wieder im Lot, Komodo 0,00,
besser ist Txe5} Kd7 40. Ng3 Rg5 41. Ne4 Rd5+ 42. Kc2 Ke6 43. Rf1 Re5 44.
Kd3 Kd5 45. Rf4 Ba7 46. Nd2 Re3+ 47. Kc2 Rg3 48. Nf1 Rg2+ 49. Kd3 Bb6 50.
a4?? {ein Verlustzug, danach ist die Partie bereits verloren, Komodo -2,00,
nötig war Se3+ mit Ausgleich} bxa4 {na klar warum auch nicht} 51. c4+??
{immer noch war Se3+ die weit bessere Wahl, nach dem Textzug ist alles aus,
Komodo -4,00 !! (büsst weitere ganze 2 Bauerneinheiten ! ein)} Kc6 52. Re4?
{nochmals klar schwächer als Sd2, Komodo -5,00} a3 53. Re6+ Kb7 54. Re1
Rxg4? {weit schwächer als a5, dennoch ausreichend, Komodo +3,50} 55. Kc3??
{ein ganz schlechter Zug, büsst 2,5 Bauerneinheiten ! ein, deutlich mehr
Widerstand leistet noch Ta1, Komodo -6,00} a5 56. Re7+ Bc7 57. Re2 Rg1 58.
Ne3 Rg3 59. bxa5 Bf4 60. Kb4 Rxe3 {Rest geschenkt} 0-1
[/pgn]
[pgn]

[Event "Turnier 40 / 120"]
[Site "DESKTOP-NL3KVDB"]
[Date "2023.04.13"]
[Round "43"]
[White "Mephisto Risc II - 14 MHZ"]
[Black "Mephisto Phönix TM Vancouver - 36 MHZ"]
[Result "1-0"]
[BlackElo "2250"]
[WhiteElo "2244"]

{Analyse -----> Komodo 14.1.} 1. e4 e5 2. Nf3 Nf6 3. Nxe5 {Buchende} Qe7
{Buchende} 4. Nf3 {Buchbewertung Mephisto Risc II: +0,18} Qxe4+
{Buchbewertung TM Vancouver: -0,12 / lt. Komodo steht Weiss klar besser mit
ca. +0,80} 5. Be2 Nc6 6. O-O Bc5? {ein schlechter Zug, danach steht Weiss
bereits deutlich besser, Komodo -1,40, deutlich besser ist d5} 7. Nc3 Qb4??
{ein völlig absurder Verlustzug, dort wird doch die Dame sofort wieder
angegriffen, nötig war De7, nach dem Textzug ist die Partie bereits klar
verloren, Komodo -3,00} 8. a3! {na klar, überrascht ?} Qg4 9. h3 Qh5 10. d4
Bb6 11. Bg5 {besser ist Sg5, da hätte Schwarz bereits für die Rettung der
Dame 3 Züge später eine ganze Figur verloren, aber auch der Textzug ist
nicht schlecht, auch danach steht Weiss klar auf Gewinn, Komodo +2,20}
O-O?? {ein ganz schlechter Zug, danach ist bereits alles vorbei, Komodo
-3,50, deutlich besser ist noch d5} 12. Qd2! h6 13. Bxf6 gxf6 14. d5 Ne5
15. Nxe5 {besser ist d6, aber völlig ausreichend, Komodo +2,80} Qxe5 16.
Qxh6 Qg5 17. Qxg5+ fxg5 18. Ne4 {besser ist d6, Komodo +2,10} f6 {auch hier
hätte Schwarz gut daran getan seinerseits d6 zu spielen, Komodo -2,70} 19.
d6 c6??? {völlig daneben, danach steckt der D-Bauer wie ein nicht mehr zu
entfernender Stachel im Fleisch und der Lc8 hat nur noch die Rolle des
unbeteiligten Zusehers, nach diesem Zug könnte man schon den Stecker
ziehen, Komodo -4,00 !!, weit besser ist noch Ld4 mit ca. -2,80} 20. Rfe1
Kg7??? {TM Vancouver agiert einfach nur orientierungslos in dieser Partie,
ein grottenschlechter Zug, der nochmals ganze 2 Bauerneinheiten einbüsst,
Komodo -5,50, nötig war Ld4} 21. Ng3 Kh8??? {ohne Worte, Komodo -7,00} 22.
Nf5! {Risc II macht hingegen alles richtig, die beste Fortsetzung} Ba5 23.
c3 Re8 24. Bh5 Re6 25. Nd4 Re5 26. Rxe5 fxe5 27. Nf3 Bd8 28. Nxe5 Bf6 29.
Re1 b6 30. Ng4 Bg7 31. Re8+ Kh7 32. Rd8 a5 33. g3 c5 34. f4 gxf4 35. gxf4
Bb7 36. Rxd7 {Rest geschenkt} 1-0
[/pgn]
[pgn]

[Event "Turnier 40 / 120"]
[Site "DESKTOP-NL3KVDB"]
[Date "2023.04.14"]
[Round "44"]
[White "Mephisto Phönix TM Vancouver - 36 MHZ"]
[Black "Mephisto Risc II - 14 MHZ"]
[Result "0-1"]
[BlackElo "2244"]
[WhiteElo "2250"]

{Analyse ----> Komodo 14.1.} 1. e4 e5 2. Nf3 Nf6 3. Nxe5 d6 4. Nf3 Nxe4 5.
Qe2 Qe7 6. d3 Nf6 7. Bg5 Qxe2+ 8. Bxe2 Be7 9. Nc3 c6 10. O-O-O Na6 11. Rhe1
Nc7 {Buchende} 12. Ne4 Nxe4 {Buchbewertung Mephisto Risc II: -0,24} 13.
dxe4 Bxg5+ 14. Nxg5 Ke7 15. f4 Ne6 16. Nh3 Nc5 17. Nf2 {Buchende / TM
Vancouver startet mit einem Zeitvorsprung von 35 Minuten !! in diese
Partie} Rd8 18. g3 {Buchbewertung TM Vancouver: +0,24 / lt. Komodo steht
Weiss etwas besser mit ca. +0,40} a5 19. Bf3 f6 20. e5? {ein schlechter
Zug, der eine ganze Bauerneinheit einbüsst, danach steht Schwarz bereits
etwas besser, Komodo -0,60, deutlich besser ist h4} fxe5 21. fxe5 d5!
{richtig, danach hat Weiss den schwachen Isolani und der schwarze König
steht bombensicher dahinter} 22. Nd3 Nxd3+ 23. cxd3 {nicht optimal, besser
ist Txd3, Komodo -1,00} d4 24. Be4 Be6 25. a3 Rf8 26. Rd2 g6 27. Bg2 Rf5
28. Bh3? {ein Verlustzug, danach ist die Partie bereits klar verloren,
Komodo -1,50, deutlich besser ist Te4} Rh5 {besser ist Tf7, büsst etwa eine
halbe Bauerneinheit ein, Komodo +1,00} 29. Bxe6 Kxe6 30. Rf2 Rxe5?? {das
ist natürlich ein grottenschlechter Zug, der Weiss von dem schwachen
Isolanie befreit und ihm die Möglichkeit gibt in der Folge seinen Turm auf
die 7. Reihe in Agriffsposition zu bringen, danach ist auf einen Schlag der
gesamte Vorteil dahin, nötig war der auch von TM Vancouver vorgeschlagene
Zug Tf5 mit klarem Vorteil für Schwarz mit ca. +1,00} 31. Rxe5+ Kxe5 32.
Rf7 b5 33. Re7+ Kd6 34. Rxh7 Rf8 35. Rg7 Rf6 36. Kd1 a4 37. h4 c5 38. Ke1
Kd5 39. Rd7+ Kc6 40. Rg7 c4 41. Kd2??? {ein absoluter Verlustzug, danach
ist die Partie sofort verloren, Komodo -4,00 !! mit der Fortsetzung Tf2+,
nötig war g4 mit Ausgleich} Kd5?? {Risc II verpasst den sofortigen Gewinn
mittels Tf2+, auch nach dem Textzug steht aber Schwarz noch klar besser,
Komodo +1,00} 42. Rd7+? {ein Verlustzug, Komodo -2,00, deutlich mehr
Widerstand leistet h5} Kc5 43. Rc7+? {ein schlechter Zug, deutlich mehr
Widerstand leistet noch Ke2, Komodo -3,00} Kb6? {ein schlechter Zug, Risc
II verwirft leider im letzten Augenblick den Gewinnzug Kd6, nach dem
Textzug ist Weiss noch mit ca. +1,80 im Vorteil (büsst ca. 1,2
Bauerneinheiten !! ein)} 44. Rg7?? {verliert ganz klar, deutlich mehr
Widerstand leistet noch Tc8, Komodo -3,00} Rf2+! 45. Kc1 {besser ist noch
Ke1, Komodo -4,00} cxd3 46. Rxg6+? {nochmals weit schwächer als g4, Komodo
-6,00} Kc5 47. Rg4 Kc4 48. Rf4 {Komodo -13,00} Rc2+ 49. Kb1 Rg2 50. Kc1
Rxg3 {schneller gewinnt Tg1+, aber es spielt keine Rolle mehr, Komodo
+10,00} 51. Kd2 Rg2+ 52. Kc1 Rg1+ 53. Kd2 Rb1 54. Rf8 Rxb2+ 55. Kd1 Rh2
{Rest geschenkt} 0-1
[/pgn]
[pgn]